01087nam a2200205 a 4500001001000000003000900010005001700019007000300036008004100039040002500080082002000105110013100125245016300256260005600419300002800475490008100503490003700584500015700621830010300778000028348DO-SdBNP20250924073802.0ta110408s1992 dr b 000 0 spa d aDO-SdBNPbspacBNPHU axxxxbR426d2221 aRepública Dominicana.bUniversidad Autónoma de Santo Domingo.bFacultad de Ciencias.bInstituto Geográfico Universitario10aDatos sobre la extensión del territorio de la República Dominicana según las últimas revisiones realizadas en el Instituto Geográfico Universitario. aSanto Domingo :bEditora Universitaria-UASD,c1992. a39 p. :bmapa ;c20 cm.1 aColección Publicaciones de la Universidad Autónoma de Santo Domingov6881 aSerie Ciencia y tecnólogiav27 aBasadas en los mapas provinciales y mundiales a escala 1:50,000 del país y de acuerdo a la división política vigente al mes de mayo del año 1990 aPublicaciones de la Universidad Autónoma de Santo Domingov688n27pSerie Ciencia y tecnólogia